Breaking Stereotypes (Record no. 10559)

MARC details
000 -LEADER
fixed length control field 00649nam a2200241 a 4500
020 ## - INTERNATIONAL STANDARD BOOK NUMBER
ISBN
082 00 - DEWEY DECIMAL CLASSIFICATION NUMBER
Classification number 305.480297
Author Cutter HUS
100 ## - MAIN ENTRY--AUTHOR NAME
Author name Hussain, Sabiha
245 ## - TITLE STATEMENT
Title Breaking Stereotypes
Sub title Two Generations of Muslim Women.
260 ## - PUBLICATION, DISTRIBUTION, ETC. (IMPRINT)
Place of publication New Delhi
Name of publisher Centre for Women`s Development Studies
Year of publication 1999
300 ## - PHYSICAL DESCRIPTION
Number of Pages 18p
500 ## - GENERAL NOTE
General note includes index and biblioraphy
505 2# - FORMATTED CONTENTS NOTE
Formatted contents note occasional paper No.32, 1999
650 ## - SUBJECT ADDED ENTRY--TOPICAL TERM
Topical Term Muslim Women
942 ## - ADDED ENTRY ELEMENTS (KOHA)
Koha item type Books
700 1# -
-- Hussain, Sabiha
Holdings
Home library Current library Date acquired Cost, normal purchase price Full call number Accession Number Koha item type
Henry Martyn Institute Library Henry Martyn Institute Library 07/04/2007 25.00 305.480297 HUS 019795 Books
                   Copyright © 2026 | Henry Martyn Institute | Hyderabad | TS-500052 | INDIA | Implemented by hmi.edu.in
Hit-Count:

Powered by Koha